000 00852nam a2200217 a 4500
001 56792
003 BD-RjUL
005 20211209080431.0
008 161204s1987 bg ||||| |||| 00| 0 ben d
035 _a(BD-RjUL)56916
040 _aBD-RjUL
_bben
_cBD-RjUL
_dBD-RjUL
041 _aben
082 _223
_a297.0947
_bOBS 1987
100 _aইস্‌হাক, ওবায়দী
_9168854
245 1 0 _aসোভিয়েত মুসলমানদের সাথে /
_cওবায়দী ইস্‌হাক
260 _aঢাকা :
_bআব্‌দ্‌ প্রকাশনী,
_c১৯৮৭
300 _a[৬], ৪৭ পৃ. :
_bচিত্র ;
_c২১ সেমি.
650 _aমুসলমান
_zসোভিয়েত ইউনিয়ন
_9168856
650 _aMuslim
_zSoviet Union
_9168881
942 _2ddc
_cBK
999 _c56792
_d56792